000 00324nam a2200145Ia 4500
008 230718s9999 xx 000 0 und d
041 _aEng.
082 _a340
_bWAD-J
100 _awads, Rymond
245 0 _aJurisprudence
260 _aPakistan
_bPunjab law house
_c1989
300 _a280
650 _aLaw
999 _c28005
_d28005